Specification for oil and solvent resistant hose of rubber with woven textile reinforcement. (Second Revision). (Record no. 73883)

MARC details
000 -LEADER
fixed length control field 00462nam a2200145Ia 4500
245 #0 - TITLE STATEMENT
Title Specification for oil and solvent resistant hose of rubber with woven textile reinforcement. (Second Revision).
260 ## - PUBLICATION, DISTRIBUTION, ETC. (IMPRINT)
Year of publication 1968
500 ## - GENERAL NOTE
General note Standard number: IS 635
650 ## - SUBJECT ADDED ENTRY--TOPICAL TERM
Topical Term Oil resistant hose
650 ## - SUBJECT ADDED ENTRY--TOPICAL TERM
Topical Term Rubber hose
650 ## - SUBJECT ADDED ENTRY--TOPICAL TERM
Topical Term Solvent resistant hose
650 ## - SUBJECT ADDED ENTRY--TOPICAL TERM
Topical Term Woven textile reinforcement
942 ## - ADDED ENTRY ELEMENTS (KOHA)
Koha item type Standards
Holdings
Withdrawn status Lost status Damaged status Not for loan Collection code Home library Current library Date acquired Koha item type
      Standards Indian standards RRII Library RRII Library 31/12/2021 Standards